Manufactura competitiva

Uloženo v:
Podrobná bibliografie
Hlavní autor: Mather, Hal (autor)
Médium: Kniha
Jazyk:španělština
Vydáno: Ciudad de México Ventura 1989
Témata:
Tagy: Přidat tag
Žádné tagy, Buďte první, kdo vytvoří štítek k tomuto záznamu!

MARC

LEADER 00000cam a2200000 a 4500
001 UCW2240
003 CL-VaPUC
008 930720e19890000MX |||||||||||||||||spa|d
082 0 4 |a 658.51  |b MAT  |2 21 
100 |a Mather, Hal  |e autor  |9 306207 
245 1 0 |a Manufactura competitiva 
300 |a 268 p 
942 |c BK 
945 |d 19930720 00:00:00  |a mfernand 
260 |a Ciudad de México  |b Ventura  |c 1989 
650 0 |a Gestión de la producción   |9 259467 
650 7 |a MANUFACTURAS ADMINISTRACION  |2 CL-VaPUC  |9 306208 
583 |a last modification  |c 20141009 11:14:00  |k Rodrigo Vera 
999 |c 216833  |d 216831 
952 |0 0  |1 0  |3 erb  |4 0  |6 658_510000000000000_MAT_1989  |7 0  |8 A  |9 203158  |a BIBING  |b BIBING  |i 5118506  |o 658.51 MAT 1989  |p 5118506  |r 2025-01-20  |w 2019-11-15  |y BK  |z Catalogado en:20141009  |k EII